One Piece Podcast Episodes Quiz Stats

Quiz not verified by Sporcle

Challenge
Share
Tweet
Embed
Score 0/150 Timer 15:00
0 Plays Today
Episode % Correct
Pilot
72.7%
We are Maji
54.5%
Banana Me
45.5%
What the...
36.4%
The Jump Festa Zombiecast (Part One)
36.4%
The Jump Festa Zombiecast (Part Two)
36.4%
Evolution
36.4%
The Godcast
36.4%
¿Barbablanca, Por Qué?
36.4%
Twelve Years Later
36.4%
Revolution
36.4%
S.S. Ruff Ruff
36.4%
Thank You
27.3%
We're Boned (Part One)
27.3%
We're Boned (Part Two)
27.3%
You are NOT the Father
27.3%
The End of the Beginning
27.3%
The Beginning of the End
27.3%
The Sideboob Simulcast Spectacular (Part One)
27.3%
The Sideboob Simulcast Spectacular (Part Two)
27.3%
Error
27.3%
The Strongcast GREEN
27.3%
The Strongcast PINK
27.3%
The Strongcast BLUE
27.3%
The Strongcast YELLOW
27.3%
The Strongcast RED
27.3%
The Strongcast GREEN
27.3%
Shitfaced
27.3%
Whitebeard House!
27.3%
It's Steve's Birthday
27.3%
Deep Thoughts
27.3%
Rockstar is Not in This Podcast
27.3%
JET VS The A Team
27.3%
The Javacast
27.3%
The Professional Podcast (Part One)
27.3%
The Professional Podcast (Part Two)
27.3%
Trash, Wind, and Fire
27.3%
Now in Doughnut Vision
27.3%
To Eat...is to Live!
27.3%
The Strongcast GOLD
27.3%
Transformation
27.3%
Faux Nami
18.2%
The Golden Crouch
18.2%
Spoiled Cast
18.2%
The **** Hits the Fan
18.2%
His Legs are Sword
18.2%
The Will of F
18.2%
The Gregcast
18.2%
Hina Mistranslate
18.2%
It's a Trap
18.2%
Episode % Correct
The Diary of Nico Robin
18.2%
The Zoro Duck
18.2%
Usopp is Coming
18.2%
To Be a Man...
18.2%
The Big, the Bald, and the Beautiful
18.2%
Guess Who's Coming to Podcast
18.2%
Five Minutes to Conan
18.2%
Fullmetal Podcast
18.2%
Start Living in Tropical Pink
18.2%
Face Off
18.2%
Emporio Filler Hormone
18.2%
Back in Black
18.2%
The Doctor Is In
18.2%
Voluptuous Justice
18.2%
Rock Out with Your Goat Out
18.2%
Porchemy Penisface
18.2%
What Would Oda Think of This?
18.2%
The Stephencast
18.2%
Say It
18.2%
Mushi Mushi
18.2%
Danger is My Middle Name
18.2%
Forsooth!
18.2%
Green Day Sucks
18.2%
The Supercast
18.2%
Master of Disguise
18.2%
It's-a Me, Luffy!
18.2%
One Hat to Rule Them All
18.2%
Baby Pecker Bamboo
18.2%
The Müté Button
18.2%
Mugiwara no Podcast
18.2%
Emporio Pronouns
9.1%
When Shichibukai Attack
9.1%
Heartless Bastard
9.1%
The Calm Belt
9.1%
The Holy Word
9.1%
Missing Pieces
9.1%
The Wizard of Oars
9.1%
Pink Flamingos
9.1%
Empty Promises
9.1%
Croc Gets Punked
9.1%
One Piece: Live and Super
9.1%
Rice on the Brain
9.1%
Buggy Buggy Boo
9.1%
Hungry Hungry Hippo
9.1%
ワンピースポッドキャスト50回記念華麗なショー
9.1%
His Head is Wheel
9.1%
Hancock's Sexy Camisole
9.1%
Marco Does Something
9.1%
The Name of this Podcast is 'Whitebeard'
9.1%
Super Saiyan Hormones
9.1%
Episode % Correct
Chop Chop Podcast
9.1%
Zach's Doughnut Theorem
9.1%
Hats Off to You
9.1%
How to be a Good Grandfather
9.1%
The Marathoncast
9.1%
The Intercontinental
9.1%
Call Me Mr. Podcast
9.1%
Dragons, Transvestites, and Bears
9.1%
Marco is Straight
9.1%
Zach in the Box
9.1%
Sanji: Enter the Fist (No Homo)
9.1%
The Fourth Wall
9.1%
Bananagator
9.1%
3D13Y
9.1%
Back and in Greater Numbers
9.1%
One Piece High School Host Club
9.1%
Live From New York
9.1%
It's Time for an Adventure
9.1%
Release the Kraken
9.1%
Phoenix Roasting on an Open Fire
9.1%
The Merry CP9 Pirates
9.1%
Interview-Robo
9.1%
Last Minute Christmas
9.1%
I Can't Express it in Words
0%
Because I'm Beautiful
0%
The Reintroduction
0%
Up the Creek Without an Oars
0%
I am Shockfaced
0%
Gratuitous Fanservice
0%
You are Already Dead
0%
Lietenant Stalker
0%
Into Final Phase!
0%
The Informal King of Pirate Listentrack
0%
It's All in the Hair
0%
Multiple Entendre
0%
The Pride Upon His Back
0%
All the Pieces Matter
0%
The Crosseyed Villain
0%
Back to the Beginning
0%
Rants and Tabulations
0%
Truly Disturbing
0%
Recap of a Recap of a Recap
0%
This Episode will Self Distruct
0%
The Marineford Mayhem Megacast
0%
Moustache Squadron
0%
Cliffhanger Rayleigh
0%
Thundercleese
0%
Moria is Pleased with This Podcast
0%
The Admiral Macarena
0%
The Realm of the Octopods
0%

You're not logged in!

Compare scores with friends on all Sporcle quizzes.
Join for Free
OR
Log In

You Might Also Like...

Show Comments

Extras

Created Mar 6, 2011ReportNominate
Tags:150, episode, One Piece, piece, podcast

Top Quizzes Today


Score Distribution

Your Account Isn't Verified!

In order to create a playlist on Sporcle, you need to verify the email address you used during registration. Go to your Sporcle Settings to finish the process.

Report this User

Report this user for behavior that violates our Community Guidelines.

Details: